| 000 | 00723 a2200265 4500 | ||
|---|---|---|---|
| 999 |
_c200422048 _d38771 |
||
| 001 | 200422048 | ||
| 003 | TR-AnTOB | ||
| 005 | 20260203091627.0 | ||
| 008 | 150527s tu 000 0 | ||
| 020 | _a9786056527715 | ||
| 040 |
_aTR-AnTOB _btur _erda _cTR-AnTOB |
||
| 041 | 0 | _atur | |
| 050 |
_aBP161.3 _bD55 2015 |
||
| 090 | _aBP161.3.D55 2015 | ||
| 245 | 1 | 0 |
_aDin dili / _chaz. Ahmet Baydar. |
| 264 |
_aİstanbul: _b29 Mayıs Üniversitesi, _c2015 |
||
| 300 |
_a309 s. : _c24 cm. |
||
| 336 |
_atext _2rdacontent _btxt |
||
| 337 |
_aunmediated _2rdamedia _bn |
||
| 338 |
_avolume _2rdacarrier _bnc |
||
| 650 |
_aDil ve diller _xDini yönleri _996023 |
||
| 700 | 1 |
_aBaydar, Ahmet _9106449 |
|
| 942 |
_cBK _2lcc |
||